|
|
|
|
| LEADER |
00000nam a2200000 a 4500 |
| 001 |
vtls010682573 |
| 003 |
SK-MaSNL |
| 005 |
20260301180044.0 |
| 008 |
240314s2015 xo d e nf 000 0 slo |
| 015 |
|
|
|a SNBA2015/06
|
| 020 |
|
|
|a 9788089306282
|q (brož.)
|
| 035 |
|
|
|a FF06A523-2C1C-4E3E-B920-A76FD6DCDDFA
|
| 035 |
|
|
|a urn:nbn:sk:snk-amkr1g
|
| 035 |
|
|
|a urn:nbn:sk:snk-am005ftk
|
| 040 |
|
|
|a SNK
|b slo
|c SNK
|e AACR2
|
| 041 |
0 |
|
|a slo
|
| 044 |
|
|
|a xo
|c SK
|
| 072 |
|
7 |
|a 00
|x Veda. Všeobecnosti. Základy vedy a kultúry. Vedecká práca
|2 konspekt
|
| 072 |
|
7 |
|a 378
|x Vysoké školy
|2 konspekt
|
| 080 |
|
|
|a 001.81
|2 2001
|
| 080 |
|
|
|a 378.147.34
|2 2001
|
| 080 |
|
|
|a 371.279.8
|2 2001
|
| 080 |
|
|
|a 378.2
|2 2001
|
| 080 |
|
|
|a 81'42'373.46
|2 2001
|
| 080 |
|
|
|a (072)
|2 2001
|
| 080 |
|
|
|a 001.811
|2 2001
|
| 100 |
1 |
|
|a Palenčárová, Jana,
|d 1966-
|4 aut
|9 104838
|
| 245 |
1 |
0 |
|a Akademická príručka na tvorbu odborných textov
|c Jana Palenčárová, Peter Kročitý
|
| 250 |
|
|
|a 3. vyd.
|
| 260 |
|
|
|a V Trenčíne
|b Vysoká škola manažmentu
|c 2015
|
| 300 |
|
|
|a 104 s.
|b grafy
|c 30 cm
|
| 500 |
|
|
|a Hrebeňová väzba
|
| 500 |
|
|
|a Názov z obalu
|
| 504 |
|
|
|a Bibliogr. odkazy
|
| 650 |
0 |
7 |
|a odborné písomné práce
|2 SNKPH
|9 3504
|
| 650 |
0 |
7 |
|a seminárne práce
|2 SNKPH
|9 73121
|
| 650 |
0 |
7 |
|a záverečné práce
|2 SNKPH
|9 75084
|
| 650 |
0 |
7 |
|a bibliografické citácie
|2 SNKPH
|9 1558
|
| 650 |
0 |
7 |
|a Professional papers
|2 SNKPHeng
|9 326108
|
| 650 |
0 |
7 |
|a Seminar papers
|2 SNKPHeng
|9 319178
|
| 650 |
0 |
7 |
|a Final theses
|2 SNKPHeng
|9 325921
|
| 650 |
0 |
7 |
|a Standard citation forms
|2 SNKPHeng
|9 299095
|
| 655 |
|
7 |
|a metodické príručky
|2 SNKPH
|9 70250
|
| 655 |
|
7 |
|a Methodological manuals
|2 SNKPHneg
|9 270866
|
| 700 |
1 |
|
|a Kročitý, Peter
|4 aut
|9 550802
|
| 752 |
|
|
|a Slovensko
|d Trenčín
|
| 919 |
|
|
|a 978-80-89306-28-2
|
| 958 |
|
|
|a NB
|
| 999 |
|
|
|c 844939
|d 846869
|
| 952 |
|
|
|a SNK
|b SNK
|y PREZ
|7 0
|p 17A1159329
|o snkSB 88373
|i snk2015/17098
|8 0
|0 0
|1 0
|4 0
|d 2015-05-29
|f 1
|l 0
|r 2025-05-13 00:00:00
|w 2026-02-24
|
| 952 |
|
|
|a SNK
|b SNK
|y PREZ
|7 0
|p 17A1159330
|o snkSB 88373 D1
|i snk2015/17099
|8 0
|0 0
|1 0
|4 0
|d 2015-05-29
|l 0
|r 2026-02-24 04:23:44
|w 2026-02-24
|